Barguzīdah-i shiʻr-i muʻāṣir-i Afghānistān/
Disimpan dalam:
| Pengarang Utama: | |
|---|---|
| Format: | Buku |
| Bahasa: | Persian |
| Diterbitkan: |
[Tehran :
Intishārāt-i Raz,
1350 i.e. 1971]
|
| Subjek-subjek: | |
| Penanda-penanda: |
Tambah Penanda
Tiada Penanda, Jadilah orang pertama menanda rekod ini!
|
| LEADER | 00497nam a22001577a 4500 | ||
|---|---|---|---|
| 001 | 007264792-2 | ||
| 005 | 20020606163548.3 | ||
| 008 | 961031s1971 ir |||||||per|d | ||
| 035 | 0 | |a ocm21813298 | |
| 100 | 1 | |a Maulāʾī, Muḥammad Surūr. | |
| 245 | 1 | 0 | |a Barguzīdah-i shiʻr-i muʻāṣir-i Afghānistān/ |c bi-intikhāb-i Muḥammad Surūr Maulāʾī. |
| 260 | |a [Tehran : |b Intishārāt-i Raz, |c 1350 i.e. 1971] | ||
| 300 | |a 175 p. | ||
| 650 | 0 | |a Persian poetry |z Afghanistan. | |
| 988 | |a 20020608 | ||
| 906 | |0 MH | ||


